Από τον Σλαβομακεδονισμό στον Σκοπιανό Μακεδονισμό : η γενεαλογία μιας εθνολογικής λαθροχειρίας

Αποθηκεύτηκε σε:
Λεπτομέρειες βιβλιογραφικής εγγραφής
Κύριοι συγγραφείς: Βασιλειάδης, Νικόλαος Α., Ευαγγελίδης, Δημήτρης Ε., 1958- (Συγγραφέας)
Μορφή: Βιβλίο
Γλώσσα:Greek
Δημοσίευση: Θεσσαλονίκη : Μπαρμπουνάκη, 2017.
Θέματα:
Ετικέτες: Προσθήκη ετικέτας
Δεν υπάρχουν, Καταχωρήστε ετικέτα πρώτοι!

MARC

LEADER 00000nam a2200000 a 4500
001 1/116391
008 180504s2017####gr | ||| |||| ||gre||
020 |a 9789602672365 
040 |a GR-MyUa  |b gre  |c GR-MyUa  |e AACR2 
041 0 |a gre 
082 7 |a 938.94   |2 (23) 
100 1 |a Βασιλειάδης, Νικόλαος Α. 
245 1 0 |a Από τον Σλαβομακεδονισμό στον Σκοπιανό Μακεδονισμό :   |b η γενεαλογία μιας εθνολογικής λαθροχειρίας /   |c Νικολάου Α. Βασιλειάδη, Δημητρίου Ε. Ευαγγελίδη.  
260 |a Θεσσαλονίκη :   |b Μπαρμπουνάκη,   |c 2017.  
300 |a 263 σ. :   |b εικ. ;   |c 24 εκ.  
500 |a Περιέχει υποσημειώσεις.  
500 |a Περιέχει παραρτήματα.  
504 |a Βιβλιογραφία: 258-263. 
504 |a Περιλαμβάνει βιβλιογραφικές παραπομπές.  
650 0 |a Macedonian question. 
650 0 |a Ethnic conflict  |z Balkan Peninsula. 
650 0 |a Ethnicity  |z Balkan Peninsula  |x History  |y 20th century. 
650 0 |a Geopolitics  |z Balkan Peninsula  |x History  |y 19th century. 
650 0 |a Geopolitics  |z Balkan Peninsula  |x History  |y 20th century. 
650 0 |a History  |x Study and teaching  |z Balkan Peninsula. 
651 0 |a Macedonia (Greece)  |x History  |y 20th century. 
651 0 |a Balkan Peninsula  |x Foreign relations  |z Greece. 
651 0 |a Macedonia (Republic)  |x Foreign relations  |z Greece. 
700 1 |a Ευαγγελίδης, Δημήτρης Ε.,  |d 1958-  |e aut 
852 |a INST  |b RHODES  |c EUDOXUS  |e 20180504  |h 938.94 ΒΑΣ  |p 005400039943  |q 005400039943  |t EDX  |y 0 
920 |a Εύδοξος  |b Παραγγελία  |y Ρόδος-ΤΜΣ  |z 2018-04 
970 |z 04-05-2018